=LDR 00000nam 2200000 4500 =001 INLIS000000000012074 =005 20130612103622 =008 ***********************************Ind** =035 ##$$0010-061300000012074 =041 ##$$a Ind =082 ##$$a 530.4 =090 ##$$a 530.4, Man k =100 ##$$a Mangunwiyoto, Widangdo =245 ##$$a Kitab Penuntun Fisika untuk SMA, Oleh Widangdo Mangunwiyoto =260 ##$$a 1982 $b Jakarta =300 ##$$a ...Jil, Ilus, 21 cm =650 ##$$a Fisika =850 ##$$a NBPNMAT